Statistics for Florida Football Opponents Since 2000

Click here to take the quiz!

General Stats

  • This quiz has been taken 37 times
    (23 since last reset)
  • The average score is 44 of 70

Answer Stats

Times PlayedAnswer% Correct
24LSU
100%
11Alabama
95%
24Georgia
95%
24Kentucky
95%
6Mississippi
95%
7Mississippi St
95%
1Ohio
95%
4Texas AM
95%
9Arkansas
89%
23Florida St
89%
5Michigan
89%
12Missouri
89%
2Ohio St
89%
24South Carolina
89%
24Tennessee
89%
8Auburn
84%
3Iowa
84%
7Miami (FL)
84%
1Miami (OH)
84%
1Penn St
84%
2Utah
84%
24Vanderbilt
84%
2Oklahoma
79%
1Oregon St
79%
3South Florida
79%
1Colorado St
74%
4Florida Atlantic
74%
1Georgia Southern
74%
1Virginia
74%
2Central Florida
68%
1Louisiana Lafayette
68%
1Michigan St
68%
1Florida International
63%
1Southern Miss
63%
3UAB
63%
2East Carolina
58%
1Louisville
58%
1New Mexico St
58%
1Samford
58%
1Toledo
58%
1Maryland
53%
1North Texas
53%
2Troy
53%
1Wyoming
53%
1Bowling Green
47%
1Charlotte
47%
1Cincinnati
47%
1Jacksonville St
47%
1Louisiana Tech
47%
1Marshall
47%
1McNeese
47%
1Western Kentucky
47%
1Hawaii
42%
1Louisiana Monroe
42%
1Massachusetts
42%
1San Jose St
42%
1Ball St
37%
1Citadel
37%
2Eastern Michigan
37%
1Idaho
37%
2Middle Tennessee St
37%
1Appalachian St
32%
1Florida AM
32%
1Furman
32%
1Eastern Kentucky
26%
1Eastern Washington
26%
1Tennessee-Martin
26%
1Western Carolina
26%
2Charleston Southern
16%
1Towson
16%

Score Distribution

Percentile by Number Answered

Percent of People with Each Score

Your Score History

You have not taken this quiz since the last reset